Combien de fois pouvez vous taper le mot écureuil ? - Statistiques

Statistiques générales
  • Ce quiz a été pris 84 fois
  • Le résultat moyen est 29 sur 48
Statistiques - réponses
Answerl % Correct
e
100%
c
98%
u
96%
e
91%
r
91%
i
87%
u
87%
c
85%
e
85%
l
85%
r
83%
u
83%
e
81%
i
79%
u
79%
l
77%
e
74%
c
72%
u
72%
e
70%
r
70%
u
70%
i
66%
l
66%
c
62%
e
62%
r
62%
u
62%
e
57%
i
49%
l
49%
u
49%
e
47%
c
45%
r
43%
u
43%
e
40%
u
40%
i
38%
l
36%
e
28%
c
26%
e
23%
r
23%
u
23%
i
19%
l
19%
u
19%
Aucun quiz correspondant
Distribution des résultats
% des personnes avec chaque résultat
Percentile par nombre de réponses
Votre historique - résultats
Vous n’avez pas pris ce quiz